| 000 | 00690nam a2200241Ia 4500 | ||
|---|---|---|---|
| 003 | OSt | ||
| 005 | 20220928114536.0 | ||
| 006 | a|||||r|||| 00| 0 | ||
| 007 | ta | ||
| 008 | 220927b |||||||| |||| 00| 0 eng d | ||
| 024 | _a21370 | ||
| 037 | _cTextual | ||
| 040 |
_aSDCL _cSDCL _beng |
||
| 041 |
_2eng _aeng |
||
| 082 | _aX651:9581, P8 | ||
| 100 |
_aHillebrand Marten _9439613 |
||
| 245 | 0 | _aPension systems,demographic change,and the stock market | |
| 260 |
_aGermany _bSpringer-Verlag _c2008 |
||
| 300 |
_ax,176p _ccm. |
||
| 650 |
_aPension System Equity Market _9439614 |
||
| 942 |
_hX651:9581, P8 _cTEXL _2CC |
||
| 999 |
_c755303 _d755303 |
||